000 005370000a22001810004500
003 MACL
005 20160226153112.0
008 160226b xxu||||| |||| 00| 0 eng d
040 _aMACL
_cMACL
041 _aHindi
082 _a800
100 _aडॉ कृष्‍णदेव झारी
_940707
245 _aहितहरिवंश गोस्‍वामी
260 _bशारदा प्रकाशन
_c1976
_aदिल्‍ली
350 _a10
650 _aLiteracture
_939932
942 _cHIN
_k800
_2ddc
999 _c27151
_d27151